000 00991cam a2200337 a 4500
999 _c6248
_d6248
001 6248
003 BD - Jhcc
005 20180117185054.0
008 950524s1995 enka d 000 0 eng d
020 _a0194314219 (Hbk.)
020 _a0194314324 (Laminated boards)
020 _a0194311805 (flexicover)
020 _a0194314227 (pbk)
020 _a0194314235 (International students' ed.)
035 _a(BD-JhCC)6248
040 _aBD-JhCC
_dBD-JhCC
041 _aeng
050 0 _aPE1625
082 _a423
_219
_bHOR 1996
100 1 _aHornby, Albert Sydney.
245 1 0 _aOxford advanced learner's dictionary of current English /
_cA.S. Hornby.
250 _a5th ed. /
260 _aOxford :
_bOxford University Press,
_c1995.
300 _ax, 1428 p :
_bill. ;
_c23 cm.
500 _aPrevious ed.: 1989.
500 _aText on lining papers.
650 0 _aEnglish language
_vDictionaries.
700 1 _aCrowther, Jonathan,
_d1942-
942 _2ddc
_cBK